000 00512nam a22001937a 4500
003 MPLRDC
005 20220104154449.0
008 210129b ||||| |||| 00| 0 eng d
020 _a957-13-3246-3
082 _a855 WRQ-12
100 _a吴若权
245 _a打造自己的幸福.COM
_c
250 _a初版
260 _a台湾
_b时报文化出版企业股份有限公司
_c2000
300 _b
490 _a吴若权作品集;1
650 _a散文;随笔、日记
942 _cBK
_o855 WRQ-12
999 _c53994
_d53984